Enseñar lengua

Guardado en:
Detalles Bibliográficos
Autores principales: Cassany, Daniel (Autor), Luna, Marta (Autor), Sanz, Gloria (Autor)
Formato: Libro
Lenguaje:español
Publicado: Barcelona Grao 2007
Edición:12a. ed
Colección:Didáctica de la Lengua y de la Literartura, 117
Materias:
Etiquetas: Agregar Etiqueta
Sin Etiquetas, Sea el primero en etiquetar este registro!

MARC

LEADER 00000nam a2200000 a 4500
001 UCI2397
003 CL-VaPUC
005 20231023100726.0
008 070824e20070000SP |||||||||||||||||spa|d
999 |c 326982  |d 326980 
020 |a 9788478271009 
040 |c Pontificia Universidad Católica de Valparaíso 
082 0 4 |a 372.6  |b CAS  |2 21 
100 0 |a Cassany, Daniel  |e author  |9 523401 
245 1 0 |a Enseñar lengua 
250 |a 12a. ed 
260 |a Barcelona  |b Grao  |c 2007 
300 |a 575 p 
490 0 |a Didáctica de la Lengua y de la Literartura, 117 
583 |a last modification  |c 20170823 05:11:20  |k Rodrigo Vera 
650 0 |a Lengua  |9 263716  |x Didáctica 
650 0 |a Lenguaje   |9 265069  |x Enseñanza 
700 0 |a Luna, Marta  |e author  |9 523402 
700 0 |a Sanz, Gloria  |e author  |9 523403 
942 |c BK  |2 ddc 
945 |d 20070824 00:00:00  |a rbrito 
952 |0 0  |1 0  |4 0  |6 372_600000000000000_CAS_2007  |7 0  |8 A  |9 409314  |a BIBAGR  |b BIBAGR  |d 2019-11-22  |i 4332377  |o 372.6 CAS 2007  |p 4332377  |r 2024-01-30  |w 2019-11-22  |y BK  |k AGR 
952 |0 0  |1 0  |4 0  |6 372_600000000000000_CAS_2007  |7 0  |8 A  |9 409315  |a BIBAGR  |b BIBAGR  |d 2019-11-22  |i 4332393  |o 372.6 CAS 2007  |p 4332393  |r 2024-01-30  |w 2019-11-22  |y BK  |k AGR 
952 |0 0  |1 0  |4 0  |6 372_600000000000000_CAS_2007  |7 0  |8 A  |9 409316  |a BIBAGR  |b BIBAGR  |d 2019-11-22  |i 4332407  |o 372.6 CAS 2007  |p 4332407  |r 2024-01-30  |w 2019-11-22  |y BK  |k AGR